| 000 | 00753nam a22002175i 4500 | ||
|---|---|---|---|
| 001 | 154669 | ||
| 003 | ES-MaACL | ||
| 005 | 20230906205820.0 | ||
| 008 | 040715q19001905fr |||| | fre d | ||
| 040 |
_aCAM _bspa _cCAM |
||
| 100 | 1 |
_aGor'kiï, Maksim. _959128 |
|
| 245 | 1 | 0 |
_aThomas Gordeieff / _cMaxime Gorki ; traduit du russe ... par B. Marinovitch. |
| 250 | _a[3e éd.]. | ||
| 260 |
_aParis : _bCalmann-Lévy, éditeurs, _c[s.a.] ( _eLagny : _fEmile Colin) |
||
| 300 |
_a420 p. ; _c19 cm. |
||
| 595 | 1 | _aDato de ed. consta en la cub. | |
| 596 | 1 | _aProbablemente imp. ca. 1900-1905. | |
| 700 | 1 | 1 |
_aMarinovitch, B., _etrad. _9129503 |
| 752 |
_aFrancia - _dParís |
||
| 852 |
_aES-MaACL _j, F-9536 _z-- Enc. hol., conservando la cub. original |
||
| 999 |
_c154669 _d154669 |
||